Library Logo

Library OPAC

Smart Digital Library Access

Visit OPAC

British Literature : 19th Century (Record no. 16345)

MARC details
000 -LEADER
fixed length control field 00488nam a22001937a 4500
008 - FIXED-LENGTH DATA ELEMENTS--GENERAL INFORMATION
fixed length control field 260410b |||||||| |||| 00| 0 eng d
020 ## - INTERNATIONAL STANDARD BOOK NUMBER
International Standard Book Number 978-81-19679-54-6
Price 350.00
040 ## - CATALOGING SOURCE
Original Cataloguing agency Sibsagar Commerce College Central Library
041 ## - LANGUAGE CODE
Language code of text/sound track or separate title English
082 ## - DEWEY DECIMAL CLASSIFICATION NUMBER
Classification number 820
Book Number NEO
100 ## - MAIN ENTRY--PERSONAL NAME
Personal name Neog, Biswajit.
245 ## - TITLE STATEMENT
Title British Literature : 19th Century
Statement of responsibility, etc. By Biswajit Neog.
250 ## - EDITION STATEMENT
Edition statement 1st ed.
260 ## - PUBLICATION, DISTRIBUTION, ETC.
Place of publication, distribution, etc. Jorhat:
Name of publisher, distributor, etc. Bidya Bhawan;
Date of publication, distribution, etc. 2025.
300 ## - PHYSICAL DESCRIPTION
Pages 400p.
650 ## - Subject
Subject English
942 ## - ADDED ENTRY ELEMENTS (KOHA)
Source of classification or shelving scheme Dewey Decimal Classification
Koha item type Books
Holdings
Withdrawn status Lost status Source of classification or shelving scheme Damaged status Not for loan Collection code Home library Current library Shelving location Date acquired Source of acquisition Total Checkouts Full call number Barcode Date last seen Copy number Cost, replacement price Price effective from Koha item type
    Dewey Decimal Classification     English Sibsagar Commerce College Central Library Sibsagar Commerce College Central Library General Stacks 10/04/2026 Kitap Ghar   820 NEO 29172 04/05/2026 1 700.00 10/04/2026 Books
    Dewey Decimal Classification     English Sibsagar Commerce College Central Library Sibsagar Commerce College Central Library General Stacks 10/04/2026 Kitap Ghar   820 NEO 29173 04/05/2026 2 700.00 10/04/2026 Books


Sibsagar Commerce College © 2020. All rights reserved.
Powered by Koha.
Hosted by LIBKART.